Niveles de frustración y ansiedad en infractores juveniles (Registro nro. 84983)

Detalles MARC
000 -LEADER
campo de control de longitud fija 02194nam a2200481 i 4500
001 - NÚMERO DE CONTROL
campo de control MOR01000085303
003 - IDENTIFICADOR DE NÚMERO DE CONTROL
campo de control mxdfmo
005 - FECHA Y HORA DE LA ÚLTIMA TRANSACCIÓN
campo de control 20260417013513.0
007 - CAMPO FIJO DE DESCRIPCIÓN FÍSICA--INFORMACIÓN GENERAL
campo de control de longitud fija ta
008 - DATOS DE LONGITUD FIJA--INFORMACIÓN GENERAL
campo de control de longitud fija 070220s2006 chm g b a000 0 spa d
035 ## - NÚMERO DE CONTROL DEL SISTEMA
Número de control de sistema 070355
040 ## - FUENTE DE CATALOGACIÓN
Centro catalogador/agencia de origen mxcmmo
Lengua de catalogación spa
Normas de descripción rda
Centro/agencia transcriptor mxcmmo
041 0# - CÓDIGO DE IDIOMA
Código de lengua del texto/banda sonora o título independiente spa
043 ## - CÓDIGO DE ÁREA GEOGRÁFICA
Código de área geográfica n-mx-ch
045 ## - PERIODO DE TIEMPO DEL CONTENIDO
Código de periodo de tiempo y0y0
082 04 - NÚMERO DE LA CLASIFICACIÓN DECIMAL DEWEY
Número de clasificación 300
Número de ítem MIS.90
100 1# - ENTRADA PRINCIPAL--NOMBRE DE PERSONA
Nombre de persona González Guerrero, Gerardo Ramón
Término indicativo de función/relación autor
9 (RLIN) 146118
245 10 - MENCIÓN DEL TÍTULO
Título Niveles de frustración y ansiedad en infractores juveniles
Resto del título : indicadores comparativos de expresividad emocional de la conducta agresiva y violenta/
Mención de responsabilidad, etc. Gerardo Ramón González Guerrero ; colab. Leticia Riovelasco Moreno ... [et al.]
264 #1 - PRODUCCIÓN, PUBLICACIÓN, DISTRIBUCIÓN, FABRICACIÓN Y COPYRIGHT
Producción, publicación, distribución, fabricación y copyright Ciudad Juárez, Chihuahua :
Nombre del de productor, editor, distribuidor, fabricante Universidad Autónoma de Ciudad Juárez, Instituto de Ciencias Sociales y Administración, Coordinación de Investigación Científica,
Fecha de producción, publicación, distribución, fabricación o copyright 2006.
300 ## - DESCRIPCIÓN FÍSICA
Extensión 12 páginas;
Dimensiones 28 cm
336 ## - TIPO DE CONTENIDO
Término de tipo de contenido texto
Código de tipo de contenido txt
Fuente rdacontent
337 ## - TIPO DE MEDIO
Nombre/término del tipo de medio sin medio
Código del tipo de medio n
Fuente rdamedia
338 ## - TIPO DE SOPORTE
Nombre/término del tipo de soporte volumen
Código del tipo de soporte nc
Fuente rdacarrier
500 ## - NOTA GENERAL
Nota general En la cubierta: Documentos de trabajo de la Coordinación de Investigación
504 ## - NOTA DE BIBLIOGRAFÍA, ETC.
Nota de bibliografía, etc. Nota Bibliografía: páginas 12
650 #7 - PUNTO DE ACCESO ADICIONAL DE MATERIA--TÉRMINO DE MATERIA
Término de materia o nombre geográfico como elemento de entrada Delincuencia juvenil
Subdivisión geográfica Chihuhua
-- Ciudad Juárez
9 (RLIN) 146119
650 #7 - PUNTO DE ACCESO ADICIONAL DE MATERIA--TÉRMINO DE MATERIA
Término de materia o nombre geográfico como elemento de entrada Violencia
9 (RLIN) 12743
700 1# - ENTRADA AGREGADA--NOMBRE PERSONAL
Nombre de persona Riosvelasco Moreno, Leticia
Término indicativo de función/relación colaborador
9 (RLIN) 146108
710 2# - ENTRADA AGREGADA--NOMBRE DE ENTIDAD CORPORATIVA
Nombre de entidad corporativa o nombre de jurisdicción como elemento de entrada Universidad Autónoma de Ciudad Juárez
Unidad subordinada Instituto de Ciencias Sociales y Administración
-- Coordinación de Investigación Científica
9 (RLIN) 145970
810 2# - PUNTO DE ACCESO ADICIONAL DE SERIE--NOMBRE DE ENTIDAD CORPORATIVA
Nombre de entidad corporativa o nombre de jurisdicción como elemento de entrada Universidad Autónoma de Ciudad Juárez
Unidad subordinada Instituto de Ciencias Sociales y Administración
-- Coordinación de Investigación y Posgrado
Título de la obra Avances
Nombre de parte o sección de la obra Cuadernos de trabajo
Designación de volumen o secuencia 102
9 (RLIN) 119492
900 ## - ELEMENTOS DE DATOS A LOCAL, LDA (RLIN)
Nombre de persona BATCH-UPD
Numeración 40
Títulos y otros términos asociados al nombre 20120321
Lenguaje de la obra MOR01
-- 1717
900 ## - ELEMENTOS DE DATOS A LOCAL, LDA (RLIN)
Nombre de persona BATCH-UPD
Numeración Verónica Silva
Títulos y otros términos asociados al nombre 20120323
Lenguaje de la obra MOR01
-- 1752
900 ## - ELEMENTOS DE DATOS A LOCAL, LDA (RLIN)
Nombre de persona BATCH
Numeración 00
Títulos y otros términos asociados al nombre 20120322
Lenguaje de la obra MOR01
-- 1739
900 ## - ELEMENTOS DE DATOS A LOCAL, LDA (RLIN)
Nombre de persona CAT
Numeración 30
Títulos y otros términos asociados al nombre 20070220
Lenguaje de la obra MOR01
-- 1303
900 ## - ELEMENTOS DE DATOS A LOCAL, LDA (RLIN)
Nombre de persona KLAS
Numeración 30
Títulos y otros términos asociados al nombre 20070223
Lenguaje de la obra MOR01
-- 1231
900 ## - ELEMENTOS DE DATOS A LOCAL, LDA (RLIN)
Nombre de persona KLAS
Numeración 30
Títulos y otros términos asociados al nombre 20070223
Lenguaje de la obra MOR01
-- 1231
900 ## - ELEMENTOS DE DATOS A LOCAL, LDA (RLIN)
Nombre de persona MARY
Numeración 05
Títulos y otros términos asociados al nombre 20070209
Lenguaje de la obra MOR01
-- 1520
900 ## - ELEMENTOS DE DATOS A LOCAL, LDA (RLIN)
Nombre de persona MARY
Numeración 05
Títulos y otros términos asociados al nombre 20070209
Lenguaje de la obra MOR01
-- 1520
900 ## - ELEMENTOS DE DATOS A LOCAL, LDA (RLIN)
Nombre de persona VOBO
Numeración 40
Títulos y otros términos asociados al nombre 20070515
Lenguaje de la obra MOR01
-- 1421
904 ## - ELEMENTOS DE DATOS D LOCAL, LDD (RLIN)
a UPDATE
942 ## - ELEMENTOS DE ENTRADA SECUNDARIOS (KOHA)
Código de la institución [OBSOLETO] BK
901 ## - ELEMENTOS DE DATOS A LOCAL LDA (RLIN)
a batch batch
Existencias
Estatus retirado Estado de pérdida Fuente del sistema de clasificación o colocación Estado de daño No para préstamo Colección Biblioteca de origen Biblioteca actual Ubicación en estantería Fecha de adquisición Fuente de adquisición Número de inventario Total de préstamos Signatura topográfica completa Código de barras Visto por última vez Precio de reemplazo Tipo de ítem Koha
    Clasificación Decimal Dewey     Libros (General) Biblioteca Instituto Mora Biblioteca Instituto Mora Regular 20/02/2007   111004   (G)/300 MIS.90 33291000679387 03/09/2024 03/09/2024 Libro préstamo regular